Cloud si už všimli aj tvorcovia legislatívy
Rastúca popularita cloudových služieb. Novela zákona o ochrane osobných údajov týkajúca sa aj cloudových služieb. Obsah cloudovej zmluvy. Výnos Ministerstva financií SR k zákonu o informačných systémoch verejnej správy. Podpora cloudových služieb.
Uložené v:
| Hlavný autor: | |
|---|---|
| Ďalší autori: | |
| Médium: | Kapitola |
| Jazyk: | Slovak |
| Predmet: | |
| Tagy: |
Žiadne tagy, Buďte prvý, kto otaguje tento záznam!
|
MARC
| LEADER | 00000naa a2200000 4500 | ||
|---|---|---|---|
| 001 | 0184778 | ||
| 005 | 20231113101155.2 | ||
| 041 | 0 | |a slo | |
| 044 | |a SK | ||
| 245 | 1 | 0 | |a Cloud si už všimli aj tvorcovia legislatívy |c Martin Jurečko, Vladimír Troják |
| 520 | |a Rastúca popularita cloudových služieb. Novela zákona o ochrane osobných údajov týkajúca sa aj cloudových služieb. Obsah cloudovej zmluvy. Výnos Ministerstva financií SR k zákonu o informačných systémoch verejnej správy. Podpora cloudových služieb. | ||
| 610 | 2 | 0 | |a legislatíva |
| 610 | 2 | 0 | |a zákony |
| 610 | 2 | 0 | |a systémy informačné |
| 610 | 2 | 0 | |a technológie informačné |
| 610 | 2 | 0 | |a technológie komunikačné |
| 610 | 2 | 0 | |a zmluvy |
| 100 | 1 | |a Jurečko, Martin | |
| 700 | 1 | |a Troják, Vladimír | |